| 000 | 00438nam a2200157Ia 4500 | ||
|---|---|---|---|
| 003 | GCL | ||
| 008 | 140319s9999 xx 000 0 ara d | ||
| 040 |
_aGCL / _cGCL |
||
| 082 | 0 | 4 |
_aم _b922.1 _bم ح |
| 100 | 1 | _aمحمود شلبى | |
| 245 | 1 | 0 |
_aحياة ابن عباس: حبر الامة / _cمحمود شلبى |
| 260 |
_a[S.N] : _bدار الجيل ، _c1990 |
||
| 300 | _a591 ص | ||
| 650 | 0 | 4 | _aالاسلام |
| 942 |
_2ddc _cREF |
||
| 999 |
_c59203 _d59203 |
||